LEADER 02851oam 2200709 450 001 9910708340903321 005 20180227153757.0 035 $a(CKB)4330000001271944 035 $a(OCoLC)896811585 035 $a(EXLCZ)994330000001271944 100 $a20141123d2002 ua 0 101 0 $aeng 135 $aurn|||||||||| 181 $ctxt$2rdacontent 182 $cc$2rdamedia 183 $acr$2rdacarrier 200 10$aCrustal deformation at the leading edge of the Oregon Coast Range block, offshore Washington (Columbia River to Hoh River) /$fby Patricia A. McCrory [and three others] 210 1$aWashington :$cGovernment Printing Office,$d2002. 215 $a1 online resource (47 pages) $cillustrations, (some color), maps (some color) 225 1 $aEarthquake hazards of the Pacific Northwest coastal and marine regions 225 1 $aU.S. Geological Survey professional paper ;$v1661-A 300 $aAt head of title: Earthquake Hazards of the Pacific Northwest Coastal and Marine Regions. 300 $a"Crustal-block motions complicate the slip rates of seismotectonic elements of the Cascadia subduction boundary." 320 $aIncludes bibliographical references (pages 43-45). 517 $aCrustal Deformation at the Leading Edge of the Oregon Coast Range Block, Offshore Washington 606 $aFaults (Geology)$zOregon$zOregon Coast Range 606 $aFaults (Geology)$zWashington (State) 606 $aGeology, Stratigraphic$yQuaternary 606 $aGeology, Structural$zOregon$zOregon Coast Range 606 $aGeology, Structural$zWashington (State) 606 $aPlate tectonics$zOregon$zOregon Coast Range 606 $aPlate tectonics$zWashington (State) 606 $aFaults (Geology)$2fast 606 $aGeology, Stratigraphic$2fast 606 $aGeology, Structural$2fast 606 $aPlate tectonics$2fast 606 $aQuaternary Geologic Period$2fast 607 $aNorth America$zCoast Ranges$2fast 607 $aWashington (State)$2fast 615 0$aFaults (Geology) 615 0$aFaults (Geology) 615 0$aGeology, Stratigraphic 615 0$aGeology, Structural 615 0$aGeology, Structural 615 0$aPlate tectonics 615 0$aPlate tectonics 615 7$aFaults (Geology) 615 7$aGeology, Stratigraphic. 615 7$aGeology, Structural. 615 7$aPlate tectonics. 615 7$aQuaternary Geologic Period. 700 $aMcCrory$b Patricia Alison$01383056 712 02$aGeological Survey (U.S.), 801 0$bCOP 801 1$bCOP 801 2$bOCLCO 801 2$bOCLCF 801 2$bGPO 906 $aBOOK 912 $a9910708340903321 996 $aCrustal deformation at the leading edge of the Oregon Coast Range block, offshore Washington (Columbia River to Hoh River)$93505533 997 $aUNINA LEADER 01829oam 2200469M 450 001 9910716429503321 005 20200213070535.3 035 $a(CKB)5470000002521853 035 $a(OCoLC)1065848121 035 $a(OCoLC)995470000002521853 035 $a(EXLCZ)995470000002521853 100 $a20071213d1927 ua 0 101 0 $aeng 135 $aurcn||||||||| 181 $ctxt$2rdacontent 182 $cc$2rdamedia 183 $acr$2rdacarrier 200 10$aBridge across Miami River between Lawrenceburg, Ind., and Hamilton County, Ohio. February 8, 1927. -- Referred to the House Calendar and ordered to be printed 210 1$a[Washington, D.C.] :$c[U.S. Government Printing Office],$d1927. 215 $a1 online resource (2 pages) 225 1 $aHouse report / 69th Congress, 2nd session. House ;$vno. 2015 225 1 $a[United States congressional serial set] ;$v[serial no. 8689] 300 $aBatch processed record: Metadata reviewed, not verified. Some fields updated by batch processes. 300 $aFDLP item number not assigned. 606 $aBridge construction industry 606 $aBridges$xDesign and construction 606 $aBridges 606 $aLegislative amendments 608 $aLegislative materials.$2lcgft 615 0$aBridge construction industry. 615 0$aBridges$xDesign and construction. 615 0$aBridges. 615 0$aLegislative amendments. 701 $aCooper$b John Gordon$f1872-1955$pRepublican (OH)$01389183 801 0$bWYU 801 1$bWYU 801 2$bOCLCO 801 2$bOCLCQ 906 $aBOOK 912 $a9910716429503321 996 $aBridge across Miami River between Lawrenceburg, Ind., and Hamilton County, Ohio. February 8, 1927. -- Referred to the House Calendar and ordered to be printed$93487962 997 $aUNINA